01818nam a2200481 i 450000100060000000300080000600500170001400600190003100700150005000800410006502000180010602000270012403500230015103500240017403500250019803500210022304000310024405000220027508000080029708200140030510000260031924501340034525000320047926400470051130000410055833600310059933700330063033800430066349000350070650000230074150400290076458801250079359001590091865000260107765000220110365000160112565000340114165500270117579700190120283000360122185600620125799900170131935472FlNmELB20241216221335.0m o d | cr cnu||||||||170406s2015 ag ob 001 0 spa d z9789506418724 a9789506418892 (e-book) a(MiAaPQ)EBC4776425 a(Au-PeEL)EBL4776425 a(CaPaEBR)ebr11323053 a(OCoLC)992047058 aFINmELBbspaerdacFINmELB 4aHF5549bA434 2015 a6580 a658.32231 aAlles, Martha Alicia.10aDiccionario de competencias.nTomo 1,pLas 60 competencias más utilizadas en gestión por competencias /cMartha Alicia Alles. aSegunda edición especial. 1aBuenos Aires :bEdiciones Granica,c[2015] a1 recurso en línea (262 páginas) atextobtxt2rdacontent/spa acomputadorabc2rdamedia/spa arecurso en líneabcr2rdacarrier/spa1 aColección la trilogía ;v1 aContiene índice. aContiene bibliografía. aDescripción basada en recurso en línea; Título de la página del título en PDF (e-libro, visto April 06, 2017). aRecurso electronico. Santa Fe, Arg. : e-libro, 2016. Disponible via World Wide Web. El acceso puede ser limitado para las bibliotecas afiliadas a e-libro. 0aPersonnel management. 4aRecursos humanos. 0aManagement. 4aAdministración de empresas. 4aLibros electrónicos.2 ae-libro, Corp. 0aColección la trilogía ;v1.40uhttps://elibro.net/ereader/politecnicointernacional/66790 c35472d35472